Manuel Ribé Labarta : esbozo biográfico / por P. Bohigas Tarragó esbozo biográfico / por P. Bohigas Tarragó
Descripción Física:
23 p. ; 22 cm
Materias:
Ribé, Manuel, -- 1878-1961
MARC
| LEADER | 00000nam a2200000Ia 4500 | ||
|---|---|---|---|
| 001 | 8672 | ||
| 008 | 160829s1944 xx 000 0 cat d | ||
| 080 | |a FU-9-5 | ||
| 100 | |a Bohigas Tarragó, P. |9 23722 | ||
| 245 | |a Manuel Ribé Labarta : |b esbozo biográfico / por P. Bohigas Tarragó | ||
| 260 | |a Barcelona : |b Comisión organizadora del homenaje, |c 1944 | ||
| 300 | |a 23 p. ; |c 22 cm | ||
| 600 | 1 | 0 | |a Ribé, Manuel, |d 1878-1961 |9 33832 |
| 856 | 4 | |u https://media.diba.cat/diba/fitxers/arxiu/fulletons/bib_8672_baixa.pdf |y Accés lliure | |
| 856 | 4 | |u https://media.diba.cat/diba/fitxers/arxiu/fulletons/bib_8672_baixa.pdf |y Accés lliure | |
| 901 | |a Arxiu | ||
| 942 | |n 1 |2 udc | ||
| 952 | |0 0 |1 0 |4 0 |6 FU95 |7 1 |9 42826 |a Arxiu |b Arxiu |d 2016-12-01 |l 0 |o FU-9-5 |p 8672 |r 2016-12-01 00:00:00 |w 2016-12-01 |y ARXIU | ||
| 999 | |c 45332 |d 45332 | ||
| 900 | |a bib_8672_baixa.pdf | ||